Les îles /

Gespeichert in:
Bibliographische Detailangaben
1. Verfasser: Maritain, Jacques (autor)
Weitere Verfasser: Supervielle, Jules (autor) (autor), Cheesman, M.E. (autor) (autor), Borne, Etienne (autor) (autor)
Format: Buch
Sprache:Französisch
Schriftenreihe:(Courrier des Iles ; 1)
Schlagworte:
Tags: Tag hinzufügen
Keine Tags, Fügen Sie das erste Tag hinzu!

MARC

LEADER 00000nam^a2200000^a^4500
001 000380748
005 20250526000000.0
009 20260310120619.778
037 |a Acervo ITESO - Biblioteca 
041 |a FRA 
082 |a 149. 91  |b MAR OBR ILE 
100 |a Maritain, Jacques  |e (autor) 
245 1 4 |a Les îles /  |c J. Maritain... [et al.]. 
264 |a París, Francia :  |b Desclée de Brouwer, 
300 |a 89 p. ;  |c 20.5 cm. 
336 |a texto  |b txt  |2 rdacontenido 
337 |a sin mediación  |b n  |2 rdamedio 
338 |a volumen  |b nc  |2 rdasoporte 
440 1 |a (Courrier des Iles ;  |v 1) 
545 0 |a Jacques maritain (1882-1973) fue un filósofo francés católico. Estudió letras y ciencias naturales en la Sorbona en una época en que imperaba el cientismo. Se casó con Raïssa Urmansov, una joven judía rusa con quien compartió su vida, su pensamiento y la autoría de algunas de sus obras. Recibió una fuerte influencia de la filosofía de Henri Brgson y, por conducto de Léon Bloy conoció el catolicismo, cuya fe abrazó y se bautizó, junto con su esposa; conoció la obra de Santo Tomás de Aquino, cuya filosofía aplicó de manera ortodoxa a los problemas de su tiempo, sobre todo en el ámbito de la filosofía política, convirtiéndose en uno de los principales representantes del neotomismo. Desde esta filosofía sintetizó las concepciones del iusnaturalismo de Francisco de Vitoria, la doctrina católica, el existencialismo y el vitalismo. Sus obras, más de cincuenta, abarcan más de medio siglo y a partir de ellas infundió una nueva vida a la filosofía cristiana con la elaboración de un tomismo vivo: propone un humanismo integral, se opone al reduccionismo antropocéntrico del capitalismo liberal y a las sociedades totalitarias; entiende al hombre como individuo y como persona: como individuo que es parte de una sociedad, y como persona que busca la libertad y cuyo fin es Dios. 
561 |a Ex libris de Ignacio Díaz Morales 
649 |a XX 
650 |a Neotomismo -  |x Tema Principal 
650 |a Poesía Francesa 
650 |a Literatura Francesa -  |x Historia y Crítica 
650 |a Literatura Religiosa 
650 |a Literatura Francesa -  |y Siglo XX 
650 |a Filosofía Francesa 
650 |a Filosofía del Siglo XX 
740 0 |a Poèmes [de Jules Supervielle] /  |c J. Supervielle. 
740 3 |a Un témoignage sur Gandhi /  |c M.E. Cheesman. 
740 0 |a Travail humain et Esprit chétien /  |c E. Borne. 
700 |a Supervielle, Jules  |e (autor) 
700 |a Cheesman, M.E.  |e (autor) 
700 |a Borne, Etienne  |e (autor) 
910 |a Fondo Ignacio Díaz Morales 
920 |a Impresos - Libros 
930 |a Libros Antiguos y Raros 
940 |a Literatura 
940 |a Arquitectos Jaliscienses 
905 |a 108 
901 |a 0500275578  |b IT2  |c LRA  |i D67836  |u 20250526 
902 |a https://opac.biblio.iteso.mx/vufind/Record/000380748